|
|
|
|
| LEADER |
01243nam a2200265 a 4500 |
| 001 |
1182683 |
| 008 |
100222r20091996caua b 001 0 eng d |
| 010 |
|
|
|a 97041375
|
| 020 |
|
|
|a 9781558603486
|
| 020 |
|
|
|a 9788181479648
|
| 040 |
|
|
|a DLC
|c DLC
|d DLC
|d BD-DhAAL
|
| 082 |
0 |
0 |
|a 005.2/76
|2 21
|
| 100 |
1 |
|
|a Lynch, Nancy A.
|q (Nancy Ann.),
|d 1948-
|
| 245 |
1 |
0 |
|a Distributed algorithms /
|c Nancy A. Lynch.
|
| 260 |
|
|
|a San Francisco, Calif. :
|b Morgan Kaufmann, ;
|a New Delhi :
|b Reed Elsevier India,
|c 1996.[Reprinted 2009]
|
| 300 |
|
|
|a xxiii, 872 p. :
|b ill. ;
|c 25 cm.
|
| 490 |
0 |
|
|a The Morgan Kaufmann series in data management systems
|
| 504 |
|
|
|a Includes bibliographical references (p. [829]-856) and index.
|
| 541 |
1 |
|
|e 00019819
|
| 650 |
|
0 |
|a Computer algorithms.
|
| 650 |
|
0 |
|a Electronic data processing
|x Distributed processing.
|
| 852 |
4 |
|
|a Ayesha Abed Library
|j General shelf
|
| 999 |
|
|
|c 7660
|d 7660
|
| 952 |
|
|
|0 0
|1 4
|2 ddc
|4 0
|6 005_276000000000000_LYN
|7 0
|9 8385
|a BRACUL
|b BRACUL
|c GEN
|d 2010-02-22
|l 0
|o 005.276 LYN
|p 3010019819
|r 2010-02-22
|t 1
|w 2010-02-22
|y BK
|x Koha Inventory 2020
|
| 952 |
|
|
|0 0
|1 0
|2 ddc
|4 0
|6 005_276000000000000_LYN
|7 0
|9 14693
|a BRACUL
|b BRACUL
|c GEN
|d 2011-03-16
|g 533.00
|l 1
|m 30
|o 005.276 LYN
|p 3010013108
|r 2018-12-26
|s 2018-06-05
|t 2
|w 2011-03-16
|